000 00791nam a2200181 a 4500
001 000037503
005 20200930080411.0
008 120420s1987 sp acd 000 0 spa d
020 _a8400065719
040 _aDO-SdBNP
_bspa
_cBNPHU
245 1 3 _aLa fertilidad de los suelos de mayor interés agrícola de la Provincia de Guadalajara /
_cL. Jimerno ... [et al.].
260 _aMadrid :
_bInstituto de Edafología y Biología Vegetal de Madrid del Consejo Superior de Investigaciones Científicas,
_c1987.
300 _a290 p. :
_bil.,+2 mapas, retrs. ;
_c25 cm.
504 _aBibliografia : p. 289-290
700 1 _aJimerno, L.
_963957
710 1 _aConsejo Superior de Investigaciones Científicas (Espanya).
_963895
710 1 _aInstituto de Edafología y Biología Vegetal de Madrid
_963958
999 _c36993
_d36993